Statistiques concernant Pays ayant le point culminant le plus bas

Cliquez ici pour prendre le quiz!

Statistiques générales

  • Ce quiz a été pris 79 fois
  • Le résultat moyen est 10 sur 20

Statistiques - réponses

Altitude (en mètres)Pays% Correct
161Monaco
78%
2Maldives
75%
71Nauru
71%
75Vatican
71%
5Tuvalu
68%
253Malte
65%
81Kiribati
64%
166Singapour
64%
242Palaos
62%
10Îles Marshall
55%
122Bahreïn
52%
103Qatar
51%
63Bahamas
45%
173Danemark
43%
306Koweït
39%
53Gambie
33%
318Estonie
26%
312Lettonie
26%
294Lituanie
26%
300Guinée-Bissau
19%

Distribution des résultats

Percentile par nombre de réponses

% des personnes avec chaque résultat

Votre développement - résultats

Vous n’avez pas pris ce quiz